000
00216 a2200097 4500
001
46405
100
_a
Keen, R
245
_a
Wireless direction finding
260
_a
London
_b
Ilife and sons
_c
090
_c
29524
_d
29524
942
_a
NUST-CAE
_c
M
_c
21696
999
_c
281478
_d
281478